Maeterlinckova Monna Vanna na Slov. nár. divadle

Bibliographic Details
Main Author: Rapant, Daniel, 1897-1988 (Author)
Format: Article
Language:Slovak
PhysicalDescription:Fotogr.
ISBN:8085718294
Subjects:

MARC

LEADER 00000nab a2200000 ar4500
001 vtls008936793
003 SK-MaSNL
005 20260303194113.0
008 070118c1996 xo |r|||||||||000 b|slo
015 |a SNBRA2007/01  |2 snkbucl 
038 |a SNKBUCL 
040 |a SNKBUCL  |b slo  |c SNKBUCL  |e AACR2 
041 0 |a slo 
044 |a xo  |c SK 
080 |a 792.2  |2 2001 
080 |a 791.44.071.2  |2 2001 
080 |a 929 Meličková, Hana  |2 2001 
080 |a 792.071.2  |2 2001 
100 1 |a Rapant, Daniel,  |d 1897-1988  |4 aut  |9 108104 
245 1 0 |a Maeterlinckova Monna Vanna na Slov. nár. divadle  |c Daniel Rapant 
300 |b Fotogr. 
500 |a Článok bol publikovaný v časopise Prúdy. - Roč. 11, č. 3 (1927), s. 176 a 179-181 
600 1 7 |a Meličková, Hana,  |d 1900-1978  |2 snkbucl  |9 102451 
600 1 7 |a Maeterlinck, Maurice,  |d 1862-1949  |t Monna Vanna  |2 snkbucl  |9 1225991 
610 2 7 |a Slovenské národné divadlo.  |b Činohra  |2 snkbucl  |9 32459 
655 7 |a recenzie  |2 snkbucl  |9 21907 
773 0 |t Hana Meličková  |d Bratislava : Tália-press, 1996  |g S. 155-158  |z 8085718294 
852 |a SNK  |b KIS3GCP 
958 |a BX 
999 |c 2155697  |d 2157627